Las introducciones y cuestiones de don Isaac Abrab1anel
| Main Author: | |
|---|---|
| Contributors: | ; ; |
| Format: | Print Article |
| Language: | Spanish |
| Check availability: | HBZ Gateway |
| Interlibrary Loan: | Interlibrary Loan for the Fachinformationsdienste (Specialized Information Services in Germany) |
| Published: |
1984
|
| In: |
Simposio Bíblico Español
Year: 1984, Pages: 707-722 |
| Standardized Subjects / Keyword chains: | B
Judaism
/ Middle Ages
|
| IxTheo Classification: | BH Judaism TE Middle Ages |
| Further subjects: | B
Abravanel, Yitsḥaḳ (1437-1508)
|
MARC
| LEADER | 00000naa a22000002c 4500 | ||
|---|---|---|---|
| 001 | 1588697908 | ||
| 003 | DE-627 | ||
| 005 | 20190311182209.0 | ||
| 007 | tu | ||
| 008 | 190311s1984 xx ||||| 00| ||spa c | ||
| 035 | |a (DE-627)1588697908 | ||
| 035 | |a (DE-576)518697908 | ||
| 035 | |a (DE-599)BSZ518697908 | ||
| 040 | |a DE-627 |b ger |c DE-627 |e rakwb | ||
| 041 | |a spa | ||
| 084 | |a 1 |2 ssgn | ||
| 100 | 1 | |0 (DE-627)1241082510 |0 (DE-576)171082516 |4 aut |a Ruiz, Gregorio | |
| 109 | |a Ruiz, Gregorio | ||
| 245 | 1 | 0 | |a Las introducciones y cuestiones de don Isaac Abrab1anel |
| 264 | 1 | |c 1984 | |
| 336 | |a Text |b txt |2 rdacontent | ||
| 337 | |a ohne Hilfsmittel zu benutzen |b n |2 rdamedia | ||
| 338 | |a Band |b nc |2 rdacarrier | ||
| 600 | 1 | 7 | |0 (DE-588)118500244 |0 (DE-627)079305164 |0 (DE-576)180878549 |a Abravanel, Yitsḥaḳ |d 1437-1508 |2 gnd |
| 652 | |a BH:TE | ||
| 689 | 0 | 0 | |d s |0 (DE-588)4114087-4 |0 (DE-627)104603151 |0 (DE-576)20948182X |2 gnd |a Judentum |
| 689 | 0 | 1 | |d s |0 (DE-588)4129108-6 |0 (DE-627)104535474 |0 (DE-576)209607793 |2 gnd |a Mittelalter |
| 689 | 0 | |5 (DE-627) | |
| 700 | 1 | |0 (DE-588)102011746X |0 (DE-627)69111109X |0 (DE-576)359630715 |4 oth |a Fernández Marcos, Natalio |d 1940- | |
| 700 | 1 | |0 (DE-588)172549361 |0 (DE-627)697485250 |0 (DE-576)166393010 |4 oth |a Trebolle Barrera, Julio C. |d 1943- | |
| 700 | 1 | |a Fernández Vallina, Javier |4 oth | |
| 773 | 0 | 8 | |i In |a Simposio Bíblico Español (1982 : Salamanca) |t Simposio Bíblico Español |d Madrid : Univ. Complutense, 1984 |g (1984), Seite 707-722 |h 772 S. |w (DE-627)1103571524 |w (DE-576)03357152X |7 nnam |
| 773 | 1 | 8 | |g year:1984 |g pages:707-722 |
| 935 | |a BIIN | ||
| 951 | |a AR | ||
| BIB | |a 1 | ||
| ELC | |b 1 | ||
| ITA | |a 1 |t 1 | ||
| LOK | |0 000 xxxxxcx a22 zn 4500 | ||
| LOK | |0 001 3058218796 | ||
| LOK | |0 003 DE-627 | ||
| LOK | |0 004 1588697908 | ||
| LOK | |0 005 20190311182209 | ||
| LOK | |0 008 190311||||||||||||||||ger||||||| | ||
| LOK | |0 035 |a (DE-Tue135-1)25250 | ||
| LOK | |0 040 |a DE-Tue135-1 |c DE-627 |d DE-Tue135-1 | ||
| LOK | |0 852 |a DE-Tue135-1 | ||
| LOK | |0 852 1 |c AT08889/RZG |m p |9 00 | ||
| LOK | |0 852 2 |b F 77 |9 00 | ||
| LOK | |0 935 |a iSWA | ||
| LOK | |0 936ln |0 1442043520 |a BH | ||
| LOK | |0 936ln |0 1442053607 |a TE | ||
| LOK | |0 938 |k p | ||
| LOK | |0 939 |a 11-03-19 |b l12 | ||
| ORI | |a SA-MARC-ixtheoa001.raw | ||
| REL | |a 1 | ||
| STA | 0 | 0 | |a Judaism,Judaism,Judaism in literature,Middle Ages,Middle Ages,Middle Ages in art |
| STB | 0 | 0 | |a Judaïsme,Judaïsme,Moyen Âge,Moyen Âge |
| STC | 0 | 0 | |a Edad Media,Edad Media,Judaísmo,Judaísmo |
| STD | 0 | 0 | |a Ebraismo,Ebraismo,Medioevo,Medioevo |
| STE | 0 | 0 | |a 中世纪,中世纪,犹太教,犹太教 |
| STF | 0 | 0 | |a 中世紀,中世紀,猶太教,猶太教 |
| STG | 0 | 0 | |a Idade Média,Idade Média,Judaísmo,Judaísmo |
| STH | 0 | 0 | |a Иудаизм (мотив),Иудаизм,Средневековье (мотив),Средневековье |
| STI | 0 | 0 | |a Ιουδαϊσμός (μοτίβο),Ιουδαϊσμός,Μεσαίωνας (μοτίβο),Μεσαίωνας |
| SUB | |a BIB |a REL | ||
| SYA | 0 | 0 | |a Abravanêl, Yiṣḥāq,1437-1508,Abarbenel, Isaac,1437-1508,Abravanel, Isaak Ben-Jehuda,1437-1508,Abrabanel, Isaak B.,1437-1508,Abravanel, Don Isaak ben Jehuda,1437-1508,Abravanēl, Yishāq Ben-Yehûda,1437-1508,Abravanel, Yitsḥaḳ,Don,1437-1508,Abravanêl,Don Yishāq,1437-1508,Isaak,Abravanel,1437-1508,Arabanel, Isaac,1437-1508,Abrabaniel, Isaac,1437-1508,Abravanel, Yishaq,1437-1508,Abravanēl, Yishāq B.,1437-1508,Abarbanel, Ishac,1437-1508,Abarbanēl, Yiṣḥāq,1437-1508,Abarbanēl, Jiṣḥāq,1437-1508,Isaac,Abarbanelis,1437-1508,Isaac ben Judah Abravanel,1437-1508,Abravaniʾel, Yitsḥaḳ,1437-1508,Abravaʾel, Yitsḥaḳ,1437-1508,Abravanel, Isaak ben Jehuda,1437-1508,Abarbanel, Ishak,1437-1508,Abirbinel, Isaac,1437-1508,Barbanella, Isaac,1437-1508,Isaak,Abrabanel,1437-1508,Yiṣḥāq,Abravanêl,1437-1508,ʾBRBNʾL, Dôn Yiṣḥāq,1437-1508,Abravanelius, Isaac,1437-1508,Abrabanel, Isaac Ben Judah,1437-1508,Abravanel, Yitsḥaḳ ben Yehudah,1437-1508,Abarbanel, Isaac,1437-1508,Abravanel, Isaac,1437-1508,Abrabanel, Isaac,1437-1508,Abravanel, Isaak,1437-1508,Abravanel, Yitzhak,1437-1508,Abrabanel, Isaak,1437-1508,Abravanel, Yiṣḥaq ben Yehuda,1437-1508,Yiṣḥaq ben Yehuda Abravanel,1437-1508,Abarbanel, Isaak,1437-1508,Abarbanel, Yitzhak,1437-1508,Yitshak ben Yehudah Abravanel,1437-1508,Abarbanel, Yiṣḥaq,1437-1508,Abravani'el, Yitshak,1437-1508,Abarbenel, Isaacus,1437-1508,Abarbenel, Yitshak,1437-1508,Judah Abravanel, Yitshak ben,1437-1508,Avravanʾel, Yitṣḥaķ,1437-1508,Jiṣḥāq Abravanel ben Jehūdāh,1437-1508,Abravanel, Yishaq ben Yehûda,1437-1508,Yishaq ben Yehûda Abravanel,1437-1508 |
| SYG | 0 | 0 | |a Judaism,Judaismus,Jüdische Religion,Zionism,Zionismus,Jüdische Religion,Judaismus,Jüdische Religion,Judaismus , Europa |
| TIM | |a 100005000101_100014991231 |b Mittelalter 500-1500 | ||